Essentials of maternal and pediatric nursing (Record no. 18846)

MARC details
000 -LEADER
fixed length control field 01555cam a2200301 i 4500
001 - CONTROL NUMBER
control field 17878923
003 - CONTROL NUMBER IDENTIFIER
control field MUT
005 - DATE AND TIME OF LATEST TRANSACTION
control field 20240606081446.0
008 - FIXED-LENGTH DATA ELEMENTS--GENERAL INFORMATION
fixed length control field 130904t20142014paua b 001 0 eng
020 ## - INTERNATIONAL STANDARD BOOK NUMBER
International Standard Book Number 076686300X
040 ## - CATALOGING SOURCE
Transcribing agency MUT
050 00 - LIBRARY OF CONGRESS CALL NUMBER
Classification number RG 951
Item number .W49 2002
100 ## - MAIN ENTRY--PERSONAL NAME
Personal name White, Lois
245 10 - TITLE STATEMENT
Title Essentials of maternal and pediatric nursing
246 1# - VARYING FORM OF TITLE
Title proper/short title Introductory maternity and pediatric nursing
250 ## - EDITION STATEMENT
Edition statement Third edition.
260 ## - PUBLICATION, DISTRIBUTION, ETC.
Place of publication, distribution, etc. Albany, NY
Name of publisher, distributor, etc. Delmar
Date of publication, distribution, etc. 2002
336 ## - CONTENT TYPE
Content type term text
Source rdacontent
337 ## - MEDIA TYPE
Media type term unmediated
Source rdamedia
338 ## - CARRIER TYPE
Carrier type term volume
Source rdacarrier
520 ## - SUMMARY, ETC.
Summary, etc. "This third edition of Introductory Maternity and Pediatric Nursing reflects the underlying philosophy of love, caring, and support for the childbearing woman, the child, and the families of these individuals. The content has been developed according to the most current information available. In this text, we recognize that cultural sensitivity and awareness are important aspects of caring for the childbearing and child-rearing families. We also recognize that many children and pregnant women live in families other than traditional two-parent family homes and therefore refer to teaching and supporting the childbearing clients and family caregivers of children in all situations and family structures"--
Assigning source Provided by publisher.
650 #0 - SUBJECT ADDED ENTRY--TOPICAL TERM
Topical term or geographic name entry element Maternity nursing.
650 #0 - SUBJECT ADDED ENTRY--TOPICAL TERM
Topical term or geographic name entry element Pediatric nursing.
650 12 - SUBJECT ADDED ENTRY--TOPICAL TERM
Topical term or geographic name entry element Maternal
General subdivision Child Nursing
-- methods.
650 22 - SUBJECT ADDED ENTRY--TOPICAL TERM
Topical term or geographic name entry element Nursing process.
650 22 - SUBJECT ADDED ENTRY--TOPICAL TERM
Topical term or geographic name entry element Pediatric Nursing
General subdivision methods.
942 ## - ADDED ENTRY ELEMENTS (KOHA)
Source of classification or shelving scheme Library of Congress Classification
Koha item type Books
Holdings
Withdrawn status Lost status Source of classification or shelving scheme Damaged status Not for loan Home library Current library Shelving location Date acquired Source of acquisition Total checkouts Full call number Barcode Date last seen Price effective from Koha item type
    Library of Congress Classification     Murang'a University of Technology Library Murang'a University of Technology Library General stacks 08/03/2019 Donation -TFC   RG 951 .W49 2002 024728 30/08/2024 08/03/2019 Books